Born a crime: stories from a South African childhood (Record no. 27066)

000 -LEADER
fixed length control field 00358nam a2200133Ia 4500
008 - FIXED-LENGTH DATA ELEMENTS--GENERAL INFORMATION
fixed length control field 230801s9999||||xx |||||||||||||| ||und||
020 ## - INTERNATIONAL STANDARD BOOK NUMBER
International Standard Book Number 9781473635296
082 ## - DEWEY DECIMAL CLASSIFICATION NUMBER
Classification number 791.45028092
Item number N7399
100 ## - MAIN ENTRY--PERSONAL NAME
Personal name Noah, Trevor
245 #0 - TITLE STATEMENT
Title Born a crime: stories from a South African childhood
260 ## - PUBLICATION, DISTRIBUTION, ETC.
Place of publication, distribution, etc. London
Name of publisher, distributor, etc. John Murray
Date of publication, distribution, etc. 2016
300 ## - PHYSICAL DESCRIPTION
Extent 288 p.
942 ## - ADDED ENTRY ELEMENTS (KOHA)
Koha item type Books
Holdings
Withdrawn status Lost status Damaged status Not for loan Permanent Location Current Location Date acquired Source of acquisition Full call number Barcode Date last seen Price effective from Koha item type
        IMU Kolkata IMU Kolkata 2023-08-01 Gifted by Shailendra S Kathait (6049) 791.45028092 N7399 G01140 2023-08-01 2023-08-01 Books
Designed and Maintained by IMU-KC Library, Kolkata Campus © Copyright All Rights Reserved

webs counters

Powered by Koha